| 000 | 00498nam a2200169Ia 4500 | ||
|---|---|---|---|
| 003 | IN-BaIIA | ||
| 008 | 211028s9999 xx 000 0 eng d | ||
| 040 | _cIIA Library | ||
| 080 |
_a550 _bHAM |
||
| 100 |
_aHamilton, E. I. _94882 |
||
| 245 | 0 |
_aApplied geochronology _cE. I. Hamilton |
|
| 260 |
_aLondon _bAcademic Press _c1965 |
||
| 300 | _axv, 267p. | ||
| 650 | _aAstronomy and Astrophysics Thesaurus | ||
| 650 |
_aGeochronology _94883 |
||
| 942 | _cBK | ||
| 999 |
_c2722 _d2722 |
||